| 000 | 00513nam a22001817a 4500 | ||
|---|---|---|---|
| 003 | OSt | ||
| 005 | 20240625144448.0 | ||
| 008 | 240625b |||||||| |||| 00| 0 eng d | ||
| 040 | _cMUST | ||
| 082 |
_222 _a338.9 TEC |
||
| 100 |
_aChamarik, Saneh _917852 |
||
| 245 |
_aTechnological independence: The Asian experience / _cedited by Saneh Chamarik |
||
| 260 |
_aNewyork: _b University press _c1994 |
||
| 300 |
_a372p. _c24cm |
||
| 650 | _2Technology | ||
| 700 |
_aGoon\tilake, Susantha _917853 |
||
| 942 |
_2ddc _cO_SHELF |
||
| 999 |
_c8832 _d8832 |
||